Principles of International Taxation

Salvato in:
Dettagli Bibliografici
Autore principale: Oats, Lynne
Altri autori: Miller, Angharad, Mulligan, Emer
Natura: Libro
Lingua:inglese
Pubblicazione: Haywards Heath Bloomsbury Professional 2017
Edizione:6th Edition
Soggetti:
Tags: Aggiungi Tag
Nessun Tag, puoi essere il primo ad aggiungerne!!

MARC

LEADER 00000nam a2200000 4500
001 0246885
005 20240221113124.8
020 |a 978-1-5265-0169-1 
020 |a 978-1-52650-169-1 
041 0 |a eng 
044 |a GB 
245 1 0 |a Principles of International Taxation  |c Lynne Oats, Angharad Miller, Emer Mulligan 
250 |a 6th Edition 
264 1 |a Haywards Heath  |b Bloomsbury Professional  |c 2017 
300 |a 847 s. 
610 2 0 |a dane 
610 2 0 |a politika daňová 
610 2 0 |a zdaňovanie medzinárodné 
610 2 0 |a zdanenie dvojité 
610 2 0 |a modely 
610 2 0 |a porovnanie medzinárodné 
610 2 0 |a ceny transferové 
610 2 0 |a oceňovanie transferové 
610 2 0 |a plánovanie 
610 2 0 |a spoločnosti nadnárodné 
610 2 0 |a zaťaženie daňové 
610 2 0 |a povinnosť daňová 
610 2 0 |a legislatíva 
610 2 0 |a financovanie 
610 2 0 |a nástroje finančné 
610 2 0 |a OECD 
100 1 |a Oats, Lynne 
700 1 |a Miller, Angharad 
700 1 |a Mulligan, Emer